Loading...
| Literature - European | 0 | 7 | 0 | 1 | 70 | 75 | 118.14 | 0 | 1 | 9.09 | 18.86 |
| Fine Arts - Painting and Sculpture | 0 | 6 | 3 | 1 | 45 | 50 | 79.83 | 3 | 4 | 19.80 | 42.05 |
| History - Other | 0 | 5 | 2 | 1 | 40 | 79 | 113.20 | 0 | 2 | 4.92 | 22.27 |
| Literature - American | 0 | 4 | 0 | 1 | 40 | 89 | 122.25 | 0 | 1 | 5.73 | 10.00 |
| Fine Arts - Classical Music | 0 | 3 | 0 | 1 | 30 | 113 | 119.67 | 0 | 0 | 1.18 | 10.91 |
| Literature - World | 0 | 3 | 0 | 0 | 30 | 99 | 116.67 | 0 | 0 | 3.82 | 9.55 |
| Literature - British | 0 | 3 | 1 | 0 | 25 | 50 | 92.33 | 0 | 1 | 9.67 | 14.32 |
| Mythology | 0 | 2 | 1 | 0 | 15 | 58 | 73.50 | 0 | 1 | 6.18 | 13.86 |
| History - American | 0 | 2 | 1 | 0 | 15 | 73 | 84.50 | 0 | 1 | 6.37 | 10.00 |
| Fine Arts - Other | 0 | 2 | 1 | 0 | 15 | 92 | 104.50 | 1 | 1 | 1.96 | 10.00 |
| History - World | 0 | 2 | 1 | 0 | 15 | 89 | 105.50 | 0 | 2 | 2.98 | 15.45 |
| Popular Culture | 0 | 1 | 0 | 0 | 10 | 101 | 101.00 | 0 | 0 | 11.74 | 35.00 |
| Science - Biology | 0 | 1 | 0 | 0 | 10 | 78 | 78.00 | 0 | 1 | 2.53 | 3.41 |
| Science - Chemistry | 0 | 1 | 0 | 0 | 10 | 112 | 112.00 | 0 | 0 | 0.46 | 0.91 |
| Science - Other | 0 | 1 | 0 | 0 | 10 | 49 | 49.00 | 0 | 1 | 4.72 | 7.95 |
| Religion | 0 | 1 | 1 | 0 | 5 | 96 | 96.00 | 0 | 0 | 2.11 | 4.55 |
| History - European | 0 | 1 | 1 | 0 | 5 | 126 | 126.00 | 0 | 1 | 0.00 | 0.91 |
| Social Science | 0 | 0 | 1 | 0 | -5 | 0.00 | 0 | 0 | 0.00 | 0.00 |